İETT HAT İSİMLERİNDEN HAT KODU BULMA - Statistics

General Stats
  • This quiz has been taken 19 times
    18 since last reset
  • The average score is 82 of 754
Answer Stats
Hat Adı Hat Kodu % Correct
YEDİTEPE ÜNİV. / FINDIKLI MAHALLESİ - KADIKÖY 19F
45%
ÜSKÜDAR - ŞİLE / AĞVA 139A
36%
SİLİVRİ BÜYÜKÇAVUŞLU-TÜYAP 300B
36%
SİLİVRİ DEĞİRMENKÖY-TÜYAP 300D
36%
SİLİVRİ GÜMÜŞYAKA-TÜYAP 300G
36%
CEVATPAŞA - EMİNÖNÜ 32
36%
CEVİZLİBAĞ - 4.LEVENT METRO 500L
36%
AYAZAĞA - ALİBEYKÖY 50D
36%
ALİBEYKÖY - EMİNÖNÜ 50E
36%
GÖKTÜRK - TAKSİM 50G
36%
ALİBEYKÖY-MECİDİYEKÖY 50M
36%
ALİBEYKÖY - TAKSİM 50N/50T
36%
ALİBEYKÖY - VEZNECİLER 50V
36%
ÇIKSALIN - TAKSİM 54Ç
36%
KURTULUŞ - YENİKAPI 70KY
36%
AVCILAR CİHANGİR MAHALLESİ - OTOGAR 76O
36%
SÖĞÜTLÜÇEŞME - ZEYTİNBURNU 89S
36%
DRAMAN - EMİNÖNÜ 90
36%
15 TEMMUZ MAHALLESİ - MECİDİYEKÖY 97M
36%
GİYİMKENT / TURGUTREİS - BAKIRKÖY 98G
36%
GİYİMKENT / YÜZYIL MAHALLESİ - BAKIRKÖY 98Y
36%
HALKALI - EMİNÖNÜ BN1
36%
ISPARTAKULE - TAKSİM E-56
36%
ESENKENT BAHÇEŞEHİR - MECİDİYEKÖY E-58
36%
K.S.S. HASTANESİ - ÜÇYÜZLÜ METRO HT1
36%
BEYKOZ - MECİDİYEKÖY 121A
27%
SULTANİYE / SOĞUKSU MAHALLESİ - MECİDİYEKÖY 121BS
27%
VEYSEL KARANİ - 4.LEVENT METRO 122V
27%
KADIKÖY - ÜSKÜDAR 12A/12
27%
METROKENT - MECİDİYEKÖY 146M
27%
ŞAHİNTEPE İGTOT - AVCILAR CİHANGİR MAHALLESİ 147
27%
BEYKOZ - KADIKÖY 15F
27%
TOKATKÖY-KADIKÖY 15TK
27%
FERHATPAŞA / YEDİTEPE ÜNİVERSİTESİ - KADIKÖY 19
27%
PENDİK - MECİDİYEKÖY 251
27%
DİKİLİTAŞ - EMİNÖNÜ 26
27%
SEYRANTEPE - KABATAŞ 27SE
27%
TOPKAPI - BEŞİKTAŞ 28T
27%
FERAHEVLER - KABATAŞ 29D
27%
SİLİVRİ-TÜYAP 300
27%
SİLİVRİ MİMARSİNAN/KAVAKLI-TÜYAP 300M
27%
MARMARA CEZAEVİ - OTOGAR 303B
27%
BEŞİKTAŞ - MECİDİYEKÖY 30M/30A
27%
CEVATPAŞA - TAKSİM 32T
27%
GİYİMKENT / TURGUTREİS - EMİNÖNÜ 33
27%
ARNAVUTKÖY - EMİNÖNÜ 336
27%
ARNAVUTKÖY - MECİDİYEKÖY 336M/59CH
27%
GİYİMKENT - MECİDİYEKÖY 33M
27%
AVCILAR-ZİNCİRLİKUYU 34
27%
CEVİZLİBAĞ - SÖĞÜTLÜÇEŞME 34A
27%
AVCILAR - SÖĞÜTLÜÇEŞME 34AS
27%
BEYLİKDÜZÜ-CEVİZLİBAĞ 34C
27%
ZİNCİRLİKUYU-SÖĞÜTLÜÇEŞME 34Z
27%
HADIMKÖY - HARAMİDERE 418
27%
SEYRANTEPE - TOPKAPI 41ST
27%
KIRAÇ - AVCILAR METROBÜS 429A
27%
GÜZELCE - HARAMİDERE 448
27%
ÇAĞLAYAN - TOPKAPI 46T
27%
ALİBEYKÖY - EDİRNEKAPI METROBÜS 50A
27%
ALİBEYKÖY - HACIOSMAN METRO 50H
27%
ALİBEYKÖY - BEŞİKTAŞ 50L
27%
ALİBEYKÖY - YENİKAPI 50Y
27%
ALİBEYKÖY - ZİNCİRLİKUYU 50Z
27%
HASKÖY - KULAKSIZ - TAKSİM 54K
27%
GAZİOSMANPAŞA - ŞİŞLİ 55
27%
RUMELİ HİSARÜSTÜ - ŞİŞLİ 59R
27%
RUMELİ HİSARÜSTÜ - SARITEPE KAMPÜSÜ 59RK
27%
SARIYER - RUMELİ HİSARÜSTÜ 59RS
27%
YENİDOĞAN - MECİDİYEKÖY 622
27%
GÜLBAĞ - EMİNÖNÜ 66
27%
FERİKÖY - YENİKAPI 70FY
27%
ATAKÖY - TAKSİM 71T
27%
YEŞİLKÖY - TAKSİM 72T
27%
KAYAŞEHİR - BAKIRKÖY 79B
27%
KAZLIÇEŞME - TAKSİM 80T
27%
EYÜPSULTAN - VEZNECİLER 86V
27%
YENİ MAHALLE METRO - EMİNÖNÜ 92/36KE
27%
YENİ MAHALLE METRO / KİRAZLI - AKSARAY 92K
27%
BAĞCILAR DEVLET HASTANESİ - MECİDİYEKÖY 92M
27%
BAĞCILAR DEVLET HASTANESİ - TAKSİM 92T
27%
ZEYTİNBURNU - EMİNÖNÜ 93
27%
ZEYTİNBURNU - MECİDİYEKÖY 93M
27%
ZEYTİNBURNU - TAKSİM 93T
27%
15 TEMMUZ MAHALLESİ - AKSARAY 97
27%
BASINSİTESİ - TAKSİM 97T
27%
GÖZTEPE MAHALLESİ - BAKIRKÖY 98A
27%
ATAKENT/HALKALI - BAKIRKÖY 98AB
27%
YENİ MAHALLE METRO - BAKIRKÖY 98D
27%
ORTAKÖY - TAKSİM DT2/DT1
27%
BOĞAZKÖY / BAHÇEŞEHİR - TAKSİM E-59
27%
EMİRGAN - 4.LEVENT METRO EL2
27%
KADIKÖY - FENERBAHÇE FB2/FB1
27%
AVCILAR METROBÜS - ŞEHİR HASTANESİ HS2
27%
GİYİMKENT - KUYUMCUKENT HT11
27%
KAĞITHANE GARAJI-VADİ İSTANBUL K3
27%
ÇAVUŞPAŞA-ZEYTİNBURNU MK97
27%
KAZLIÇEŞME - TOPKAPI MR11
27%
EMNİYETTEPE - ALİBEYKÖY TM1
27%
YEŞİLPINAR - ALİBEYKÖY TM10/TM11
27%
YENİMAHALLE/SARIGÖL-ALİBEYKÖY TM14
27%
HAMİDİYE - KAĞITHANE - ALİBEYKÖY TM3
27%
GÖKTÜRK- ALİBEYKÖY TM4
27%
MEVLANA - ALİBEYKÖY TM6
27%
YENİMAHALLE - K.KARABEKİR - ALİBEYKÖY TM9
27%
BOSTANCI - KADIKÖY 10B
18%
YENİDOĞAN - ALTUNİZADE METROBÜS 11
18%
KAVACIK / ÇAVUŞBAŞI - ÜMRANİYE 11ÇB
18%
ESATPAŞA - ÜSKÜDAR 11E
18%
ATATÜRK MAHALLESİ - MECİDİYEKÖY 122D
18%
S.GÖKÇEN HAVALİMANI / YENİŞEHİR - 4.LEVENT METRO 122H
18%
BOSTANCI - TAKSİM 129T
18%
ÜSKÜDAR DEVLET HASTANESİ - ÜSKÜDAR 12C
18%
ŞİFA MAHALLESİ - KADIKÖY 130Ş
18%
ŞİFA MAHALLESİ - TAVŞANTEPE METRO 130ŞT
18%
YENİDOĞAN - KARTAL 132S
18%
TEPEÖREN - TUZLA 133P
18%
CUMHURİYET KÖYÜ / RİVA - BEYKOZ / SULTANİYE 137
18%
ÜSKÜDAR - ŞİLE 139
18%
K.S.S. HASTANESİ - MAHMUTBEY METRO 141K
18%
K.S.S. HASTANESİ - MECİDİYEKÖY 141M
18%
BOĞAZKÖY - AVCILAR METROBÜS 142/142A
18%
K.S.S. HASTANESİ - BÜYÜKÇEKMECE 142B
18%
ESENYURT KİPTAŞ 4. ETAP - AKSARAY 142E
18%
İ.Ü.CERRAHPAŞA KAMPÜS - AVCILAR METROBÜS 142ES
18%
TÜYAP METROBÜS-K.S.S HASTANESİ 142T
18%
DELİKLİKAYA - AVCILAR METROBÜS 144A
18%
DELİKLİKAYA - YEŞİLBAYIR KÖYÜ - SU ÜRÜNLERİ HALİ 144B
18%
HEYBETLİ SOK./DELİKLİKAYA - HARAMİDERE 144H
18%
DELİKLİKAYA-MAHMUTBEY METRO 144M
18%
İHLAS MARMARA EVLERİ - KÜÇÜKÇEKMECE MARMARAY 145
18%
BEYKENT - TAKSİM 145M
18%
BEYLİKDÜZÜ - TAKSİM 145T
18%
BOĞAZKÖY / BAHÇEŞEHİR - BAKIRKÖY 146
18%
METROKENT-EMİNÖNÜ 146B
18%
ŞEHİR HASTANESİ/ ESENKENT - ESENYURT DEVLET HASTANESİ 146F
18%
BOĞAZKÖY / BAHÇEŞEHİR - YENİKAPI 146T
18%
ÖZYEĞİN ÜNİVERSİTESİ / ALEMDAĞ - KADIKÖY 14A
18%
ADEM YAVUZ MAHALLESİ - KADIKÖY 14B
18%
KÜPLÜCE - KADIKÖY 14F
18%
RASATHANE - KADIKÖY 14R
18%
HACIOSMAN METRO - KİLYOS / DEMİRCİKÖY 151
18%
HACIOSMAN METRO - ZEKERİYAKÖY / KISIRKAYA 152
18%
HEKİMBAŞI - ÜSKÜDAR 15H
18%
KAVACIK - KOZYATAĞI METRO 15KB
18%
ARKBOYU - ÜSKÜDAR 15N
18%
TOKATKÖY - ÜSKÜDAR 15T
18%
TUFAN - ÜSKÜDAR 15U
18%
PENDİK - KADIKÖY 16/17
18%
FINDIKLI MAHALLESİ - HAREM 16F
18%
S. G. HAVALİMANI - UZUNÇAYIR METROBÜS/HAREM PERONLAR 16S
18%
UĞURMUMCU - BOSTANCI 17S
18%
SULTANBEYLİ - ACIBADEM METRO/HAREM 18A
18%
SULTANBEYLİ - ÜSKÜDAR 18Ü/11ÜS
18%
YENİDOĞAN/ ATAŞEHİR - KOZYATAĞI METRO 19E
18%
FERHATPAŞA - KADIKÖY 19T/19Y
18%
ÜMRANİYE TEPEÜSTÜ - KADIKÖY 20Ü
18%
İSTİNYE DEREİÇİ - KABATAŞ 22
18%
BEBEK - KABATAŞ 22B
18%
YEDİTEPE ÜNİVERSİTESİ / ATAŞEHİR - TAKSİM 256
18%
SARIYER - TAKSİM 25G
18%
FULYA MAHALLESİ - EMİNÖNÜ 26A
18%
FULYA MAHALLESİ - KABATAŞ 26B
18%
ŞİRİNTEPE - KABATAŞ 27E
18%
TOPKAPI / EDİRNEKAPI - BEŞİKTAŞ 28
18%
TARABYAÜSTÜ - KABATAŞ 29C
18%
MASLAK GAZETECİLER SİTESİ - BEŞİKTAŞ 29E
18%
SİLİVRİ ÇANTA/SANCAKTEPE-TÜYAP 300C
18%
SİLİVRİ - AVCILAR METROBÜS 303A
18%
KUYUMCUKENT - EMİNÖNÜ 31E/82
18%
CEVATPAŞA - AKSARAY 32A
18%
SULTANÇİFTLİĞİ - EMİNÖNÜ 336E
18%
TAŞOLUK PERON - TEKSTİLKENT METRO 336G
18%
HADIMKÖY - MESCİDİ SELAM 336H
18%
GİYİMKENT / BİRLİK MAHALLESİ - EMİNÖNÜ 33B
18%
ESENLER TURGUTREİS - EMİNÖNÜ 33TE
18%
BEYLİKDÜZÜ - ZİNCİRLİKUYU 34BZ
18%
BEYLİKDÜZÜ-SÖĞÜTLÜÇEŞME 34G
18%
AVCILAR -TOPKAPI 34T
18%
KOCAMUSTAFAPAŞA - BALAT 35D
18%
YENİ MAHALLE METRO - AKSARAY RİNG 36
18%
ARNAVUTKÖY-CEBECI 36C
18%
CEBECİ - MECİDİYEKÖY 36M
18%
YAYLA MAHALLESİ - VEZNECİLER 36V
18%
CEBECİ-ZİNCİRLİKUYU 36Z
18%
ZÜBEYDE HANIM MAHALLESİ - AKSARAY 38Z
18%
MALTEPE SAHİL - KADIKÖY 4
18%
AREL ÜNİVERSİTESİ -TEPEKENT - HARAMİDERE 401T
18%
YALIKÖY / KARACAKÖY - ÇATALCA 404
18%
AYAZAĞA - DAVUTPAŞA Y.T.Ü 41AT
18%
AYAZAĞA - SARIYER 41C
18%
AYAZAĞA - KABATAŞ 41E
18%
BAHÇEKÖY - HACIOSMAN METRO 42HM
18%
GÖKTÜRK - HACIOSMAN METRO 48D
18%
GÖKTÜRK- MESCİDİ SELAM 48G
18%
KEMERBURGAZ - ARNAVUTKÖY 48KA
18%
VALİEVLERİ - ÜSKÜDAR 5
18%
TUZLA ŞİFA MAHALLESİ - 4. LEVENT METRO 500T
18%
ALİBEYKÖY - BAKIRKÖY 50B
18%
ALİBEYKÖY - 4.LEVENT METRO 50F
18%
ALİBEYKÖY - OTOGAR 50R
18%
ALİBEYKÖY - ŞİŞLİ 50S/50C
18%
SULTANBEYLİ - MECİDİYEKÖY 522ST
18%
ÖRNEKTEPE - TAKSİM 54ÖR
18%
PİYALEPAŞA MAHALLESİ - TAKSİM 54P
18%
SADABAT EVLERİ / TALATPAŞA - TAKSİM 54T
18%
RUMELİ HİSARÜSTÜ - TAKSİM 559C
18%
POLİGON MAHALLESİ- KABATAŞ 58A
18%
LEVAZIM MAHALLESİ - KABATAŞ 58S
18%
ULUS MAHALLESİ - KABATAŞ 58UL
18%
İSTİNYE DEREİÇİ - ŞİŞLİ 59A/29Ş
18%
KARAYOLLARI / ETİLER - ŞİŞLİ 59K
18%
RUMELİ HİSARÜSTÜ - HACIOSMAN METRO 59RH
18%
KAĞITHANE / GÜLTEPE - KABATAŞ 62
18%
EMNİYETTEPE - HACIOSMAN METRO 62H
18%
KAĞITHANE / ÇELİKTEPE - KABATAŞ 63
18%
EMNİYETTEPE/ÇELİKTEPE-ŞİŞLİ 64Ç
18%
KURTULUŞ / DOLAPDERE - EMİNÖNÜ 70D
18%
YENİBOSNA METRO- TAKSİM 73
18%
FLORYA - BAKIRKÖY 73B
18%
AVCILAR CİHANGİR MAHALLESİ - AVCILAR METROBÜS 76B
18%
BÜYÜKÇEKMECE - AVCILAR METROBÜS 76BA
18%
KAYAŞEHİR - CEBECİ MAHALLESİ 79C
18%
FENERTEPE-YENİBOSNA METRO 79FY
18%
KAYABAŞI KİPTAŞ - TEKSTİLKENT METRO 79KT
18%
ŞAHİNTEPE İGTOT - İKİTELLİ OSB 79Ş
18%
VALİEVLERİ - KADIKÖY 8
18%
KÜÇÜKÇEKMECE - AKSARAY 89B
18%
BEZİRGANBAHÇE TOKİ-SEFAKÖY METROBÜS 89BS
18%
K.S.S. HASTANESİ/ATAKENT-TAKSİM 89T
18%
BATI ATAŞEHİR / FİKİRTEPE - KADIKÖY 8A
18%
DRAMAN - AKSARAY 90B
18%
GÖZTEPE MAHALLESİ - AKSARAY 91E
18%
FATİH MAHALLESİ YANYOL- MECİDİYEKÖY METROBÜS 91M
18%
HAZNEDAR - EMİNÖNÜ 92C
18%
YENİ MAHALLE METRO - MECİDİYEKÖY 92Ş
18%
BASINSİTESİ - EMİNÖNÜ 97A
18%
KOCASİNAN İTFAİYE-TAKSİM 97BT
18%
MAHMUTBEY - KAZLIÇEŞME 97E
18%
YENİ MAHALLE METRO - AKSARAY 97G
18%
KOCASİNAN - ZEYTİNBURNU 97KZ
18%
KUYUMCUKENT - BAKIRKÖY 98B
18%
GÜNEŞLİ BASIN TESİSLERİ - BAKIRKÖY 98E
18%
METROKENT - BAKIRKÖY 98H
18%
K.S.S. HASTANESİ/ATAKENT-BAKIRKÖY 98T
18%
FATİH MAHALLESİ - BAKIRKÖY 98TB
18%
HARAMİDERE - YAKUPLU - BEYLİKDÜZÜ BM7
18%
SABİHA GÖKÇEN HAVALİMANI - 4.LEVENT METRO E-3
18%
KADIKÖY - ERENKÖY ER1/ER2
18%
KADIKÖY - GÖZTEPE GZ1
18%
MAHMUTBEY METRO - İSTANBUL HAVALİMANI H-1
18%
MECİDİYEKÖY - İSTANBUL HAVALİMANI H-2
18%
HACIOSMAN METRO-İSTANBUL HAVALİMANI H-8
18%
BATIŞEHİR - YENİBOSNA METRO HT10
18%
YENİ MAHALLE METRO - ZEYTİNBURNU HT13
18%
ŞAHİNTEPE İGTOT - YENİBOSNA METRO HT20
18%
KIRAÇ YOLU - AVCILAR METROBÜS HT29
18%
BATI ATAŞEHİR - KOZYATAĞI METRO KM46
18%
OLİMPİYATKÖY METRO - KAYAŞEHİR - GÜVERCİNTEPE MK11
18%
OLİMPİYATKÖY METRO - GÜVERCİNTEPE - KAYAŞEHİR MK12
18%
BOĞAZKÖY / BAHÇEŞEHİR - OLİMPİYATKÖY METRO MK15
18%
SULTANGAZİ PERON-TEKSTİLKENT METRO MK53
18%
YENİBOSNA METRO - KAZLIÇEŞME MR20
18%
HALKALI MARMARAY - ŞEHİR HASTANESİ MR50
18%
KADIKÖY - SABİHA GÖKÇEN HAVALİMANI SG-1
18%
TAKSİM - SABİHA GÖKÇEN HAVALİMANI SG-2
18%
SULTANGAZİ - GAZİ - ALİBEYKÖY TM17
18%
MESCİD İ SELAM - ALİBEYKÖY TM18
18%
HAMİDİYE - GÜZELTEPE - ALİBEYKÖY TM2
18%
ALİBEYKÖY - 5.LEVENT TM5
18%
AKŞEMSETTİN - ALİBEYKÖY TM8
18%
PAŞAKÖY/YENİDOĞAN-NECİP FAZIL METRO UM61
18%
KİRAZLITEPE - ACIBADEM - KADIKÖY 1
9%
Ü.EĞT.ARŞ.HASTANESİ - ATAŞEHİR / BOSTANCI 10
9%
ÜMRANİYE / FİNANS MERKEZİ - BOSTANCI 10F
9%
ÖZYEĞİN ÜNİVERSİTESİ / ALEMDAĞ - ALTUNİZADE METROBÜS 11A
9%
BURHANİYE MAHALLESİ - ÜSKÜDAR 11BE
9%
BURHANİYE MAHALLESİ - ÜSKÜDAR MARMARAY 11C
9%
İNKILAP MAHALLESİ - ÜMRANİYE METRO 11D
9%
ORTAÇEŞME - ÜMRANİYE 11H
9%
EMEK MAHALLESİ - ÜSKÜDAR 11P
9%
REŞADİYE - NECİP FAZIL METRO 11R
9%
ACARLAR SİTESİ - HAREM 11T
9%
YAVUZTÜRK MAHALLESİ - ÜSKÜDAR 11Y
9%
KAVACIK - MECİDİYEKÖY 121B
9%
TEPEÜSTÜ - MECİDİYEKÖY 122C
9%
ŞAHİNBEY - KAVACIK 122ÇK
9%
ŞAHİNBEY - MECİDİYEKÖY 122M
9%
KOZYATAĞI - 4.LEVENT METRO 129L
9%
ATAŞEHİR / ÇAKMAK MAHALLESİ - KADIKÖY 13
9%
DENİZ HARP OKULU - KADIKÖY 130A
9%
DENİZ HARP OKULU - SABİHA GÖKÇEN HAVALİMANI 130H
9%
YEŞİLTEPE / ŞAHİNBEY - KARTAL 131K
9%
ATATÜRK MAH./ TAŞDELEN - İMES/ ÜMRANİYE 131T
9%
AKFIRAT / TEPEÖREN - KARTAL 132
9%
AKFIRAT EVLERİ - KARTAL METRO 132B
9%
ÇEKMEKÖY - KARTAL 132ÇK
9%
KURTDOĞMUŞ / BALLICA - KARTAL 132D
9%
SULTANBEYLİ MİMARSİNAN - KARTAL METRO / CEVİZLİ 132M
9%
TEPEÖREN - KARTAL METRO 132T
9%
ACARLAR SİTESİ - MALTEPE / CEVİZLİ PERONLAR 133F
9%
AYDINLI TOKİ KONUTLARI - KARTAL 133KT
9%
ÇAĞDAŞKENT/ ŞEKERPINAR MAH. - KARTAL 133Ş
9%
DENİZ HARP OKULU-MALTEPE PERONLAR 133T
9%
POYRAZKÖY - SULTANİYE 135
9%
TOKATKÖY - ÇAVUŞBAŞI 135G
9%
ARKBOYU - TOKATKÖY 135T
9%
DEĞİRMENDERE - SULTANİYE 136
9%
TÜRK ALMAN ÜNİVERSİTESİ - KAVACIK/HEKİMBAŞI 136B
9%
CUMHURİYET KÖYÜ / ÖMERLİ - ÜMRANİYE 138
9%
GÖLLÜ/ÖMERLİ-ÜMRANİYE 138B
9%
NECİP FAZIL METRO-DARLIK 139D
9%
NECİP FAZIL METRO-SOFULAR KÖYÜ 139S
9%
TEPEÜSTÜ - ŞİLE 139T
9%
YENİŞEHİR - KADIKÖY 13B
9%
ŞERİFALİ - ÜSKÜDAR 13M
9%
ÇAKMAK MAHALLESİ / YENİSAHRA - KADIKÖY 13Y
9%
ESENYURT KİPTAŞ 4.ETAP - AVCILAR METROBÜS 142K
9%
ESENKENT - BİRLİK MAHALLESİ 146A
9%
ÖZYEĞİN ÜNİ. / ALEMDAĞ - ZİVERBEY / KADIKÖY 14AK
9%
ÇEKMEKÖY/PARSELLER MAH-KADIKÖY 14BK
9%
ÇEKMEKÖY - KADIKÖY 14CE
9%
DUMLUPINAR / KAZIMKARABEKİR - KADIKÖY 14D
9%
İNKILAP MAHALLESİ - LİBADİYE CADDESİ / KADIKÖY 14DK
9%
KAVACIK YENİ CAMİ - KADIKÖY 14M
9%
ŞAHİNBEY - KADIKÖY 14ŞB/14ÇK
9%
YAVUZTÜRK MAHALLESİ - KADIKÖY 14Y
9%
YENİDOĞAN / ŞİLE YOLU - AYRILIKÇEŞME 14YK
9%
BEYKOZ - ÜSKÜDAR 15
9%
HACIOSMAN METRO - RUMELİFENERİ 150
9%
HACIOSMAN METRO - KOÇ ÜNİVERSİTESİ 154
9%
DERESEKİ / BEYKOZ - KADIKÖY 15BK
9%
BÜYÜK ÇAMLICA CAMİİ/FERAH MAHALLESİ - ÜSKÜDAR 15C
9%
BÜYÜK ÇAMLICA CAMİİ / BULGURLU METRO - GÖZTEPE KÖPRÜSÜ 15CA
9%
TEKKE MEVKİİ - ÜSKÜDAR 15E
9%
KİRAZLITEPE - ÜSKÜDAR 15K
9%
KARANLIKDERE / ÇAVUŞBAŞI - ÜSKÜDAR 15KÇ
9%
SOĞUKSU MAHALLESİ - ÜSKÜDAR 15P
9%
RASATHANE - ÜSKÜDAR 15R
9%
SULTANMURAT - KADIKÖY 15SK
9%
ŞENEVLER - ÜSKÜDAR 15ŞN
9%
TÜRK ALMAN ÜNİVERSİTESİ-KAVACIK 15TA
9%
YENİMAHALLE - ÜSKÜDAR 15Y
9%
YENİMAHALLE - KADIKÖY 15YK
9%
GÜZELTEPE - ÜSKÜDAR 15Z
9%
ALTKAYNARCA / PENDİK - KADIKÖY 16D
9%
ACARLAR SİTESİ / ATAŞEHİR - ÜSKÜDAR 16M
9%
UĞURMUMCU - ÜSKÜDAR 16U
9%
SULTANBEYLİ - UZUNÇAYIR METROBÜS/ ÜSKÜDAR 18
9%
VEYSEL KARANİ / FATİH MAH. - KADIKÖY 18F
9%
SULTANBEYLİ - KADIKÖY 18K/18D
9%
SULTANBEYLİ MİMARSİNAN - UZUNÇAYIR METROBÜS/HAREM 18M
9%
UZUNDERE-KOZYATAĞI 18UK
9%
VEYSEL KARANİ / SAMANDIRA - KADIKÖY 18V
9%
YENİDOĞAN - AYRILIKÇEŞME 19A
9%
YENİDOĞAN/ ATAŞEHİR - KADIKÖY 19EK
9%
FINDIKLI MAHALLESİ - BOSTANCI 19FB
9%
YENIDOĞAN/SARIGAZI-KOZYATAĞI METRO 19SK
9%
VEYSEL KARANİ / SAMANDIRA - KOZYATAĞI METRO 19V
9%
YENİDOĞAN-KAYIŞDAĞI 19YK
9%
BOSTANCI - HAREM 2
9%
ESATPAŞA - KADIKÖY 20E/10E
9%
FATİH SULTAN MEHMET - BEŞİKTAŞ 22RE
9%
ŞİRİNTEPE - ŞİŞLİ 27T
9%
İSTİNYE DEREİÇİ - ZİNCİRLİKUYU METROBÜS 29
9%
FATİH SULTAN MEHMET - 4.LEVENT METRO 29B
9%
MASLAK GAZETECİLER SİTESİ - 4.LEVENT METRO 29GM
9%
POLİGON MAHALLESİ - ZİNCİRLİKUYU METROBÜS 29P
9%
BURHANİYE MAHALLESİ - KADIKÖY 3
9%
ORTAKÖY DEREBOYU - YENİKAPI 30D
9%
KUYUMCUKENT - YENİKAPI 31
9%
KAYIŞDAĞI - KADIKÖY 319
9%
SULTANBEYLİ MİMARSİNAN / SAMANDIRA - ÜSKÜDAR 320A
9%
YENİDOĞAN - KOZYATAĞI METRO 320Y
9%
CEVATPAŞA - MECİDİYEKÖY 32M
9%
CEBECİ - YENİKAPI MARMARAY 336Y
9%
ÇİFTE DUTLAR - EMİNÖNÜ 33E
9%
GİYİMKENT - EMİNÖNÜ 33ES
9%
GİYİMKENT / TURGUTREİS - MECİDİYEKÖY 33TM
9%
GİYİMKENT / YÜZYIL MAHALLESİ - EMİNÖNÜ 33Y
9%
BEYLİKDÜZÜ-AVCILAR 34B
9%
ZİNCİRLİKUYU-UZUNÇAYIR 34U
9%
KOCAMUSTAFAPAŞA - EMİNÖNÜ 35
9%
KOCAMUSTAFAPAŞA - TAKSİM 35C
9%
CEBECİ - VEZNECİLER 36A
9%
TAŞOLUK PERON - SEFAKÖY METROBÜS 36AS
9%
ARNAVUTKÖY - YENİBOSNA METRO 36AY
9%
BOLLUCA / BOĞAZKÖY - CEBECİ 36B
9%
CEBECİ - YENİBOSNA METRO 36CY
9%
ARNAVUTKÖY - DELİKLİKAYA 36D
9%
SULTANGAZİ PERON-BEŞİKTAŞ 36G
9%
MESCİD-İ SELAM - 4.LEVENT METRO 36L
9%
TAŞOLUK PERON- CEBECİ 36TC
9%
TAŞOLUK PERON - MAHMUTBEY METRO 36Y
9%
YASSIÖREN - ARNAVUTKÖY 36YS
9%
SULTANGAZİ PERON-AKSARAY 38
9%
ZÜBEYDE HANIM MAHALLESİ - HABİBLER 38H
9%
RUMELİFENERİ / GARİPÇE - TAKSİM 40
9%
ÇİFTLİKKÖY - ÇATALCA 403
9%
İSTİNYE DEREİÇİ - TAKSİM 40T
9%
AYAZAĞA - 4. LEVENT METRO 41A
9%
NİŞANTAŞI ÜNİVERSİTESİ - MASLAK 41N
9%
YENİ AYAZAĞA MEZARLIĞI- 4.LEVENT METRO 41SM
9%
BAHÇEKÖY / FERAHEVLER - ZİNCİRLİKUYU METROBÜS 42
9%
SARIYER - KAZIM KARABEKİR 42K
9%
BAHÇEKÖY - BALTALİMANI 42T
9%
RUMELİ HİSARÜSTÜ - KABATAŞ 43R
9%
KUŞTEPE - ŞİŞLİ 46KT
9%
KEMERBURGAZ - ÇİFTALAN KÖYÜ 48C
9%
AKPINAR KÖYÜ-ARNAVUTKÖY 48M
9%
KEMERBURGAZ - AKPINAR KÖYÜ 48P
9%
SADABAT EVLERİ - ŞİŞLİ 48S
9%
KENT ORMAN - KEMERBURGAZ 48U
9%
ALİBEYKÖY - KAZLIÇEŞME 50K
9%
ÇIRÇIR METRO - EMİNÖNÜ 50P
9%
ÖZYEĞİN ÜNİVERSİTESİ / ALEMDAĞ - MECİDİYEKÖY 522
9%
HASKÖY - ŞİŞLİ 54HŞ
9%
HASKÖY - TAKSİM 54HT
9%
KAPTANPAŞA - DOLAPDERE / TAKSİM 54KT
9%
SADABAT EVLERİ / TALATPAŞA - EMİNÖNÜ 54TE
9%
GAZİOSMANPAŞA - BEŞİKTAŞ 55ET/55G
9%
GAZİOSMANPAŞA - TAKSİM 55T
9%
BEŞİKTAŞ - KURUÇEŞMEÜSTÜ 57UL
9%
FATİH SULTAN MEHMET - ŞİŞLİ 59N
9%
EMNİYETTEPE / HAMİDİYE - BEŞİKTAŞ 62G
9%
SEYRANTEPE - KAĞITHANE GARAJI 65A
9%
KAĞITHANE / GÜLTEPE - ŞİŞLİ 65G
9%
ZİNCİRLİDERE - ŞİŞLİ 66Z
9%
KURTULUŞ - EMİNÖNÜ 70KE
9%
FLORYA - TAKSİM 73F
9%
CERRAHPAŞA MURAT DİLMENER HASTANESİ - YENİBOSNA METRO 73H
9%
GAYRETTEPE - EMİNÖNÜ 74A
9%
BEYLİKDÜZÜ - BAKIRKÖY 76
9%
BAHÇEŞEHİR / ESENKENT - TAKSİM 76D
9%
GÜRPINAR - AVCILAR METROBÜS 76G/458
9%
ÇIKSALIN - EMİNÖNÜ 77Ç
9%
METROKENT - EMİNÖNÜ 78
9%
FENERTEPE PERON/BAŞAKŞEHİR - YENİBOSNA METRO 78B
9%
FENERTEPE - BAŞAKŞEHİR - METROKENT 78F
9%
FENERTEPE PERON/BAŞAKŞEHİR - EMİNÖNÜ 78H
9%
FENERTEPE PERON/BAŞAKŞEHIR-K.S.S. HASTANESİ 78K
9%
FENERTEPE PERON/BAŞAKŞEHİR - ZEYTİNBURNU 78ZB
9%
KAYABAŞI KİPTAŞ / KAYAŞEHİR - EMİNÖNÜ 79E
9%
KAYAŞEHİR - YENİBOSNA METRO 79F/79K
9%
KAYAŞEHİR - ZEYTİNBURNU 79G
9%
GÜVERCİNTEPE/FENERTEPE-EMİNÖNÜ 79GE
9%
KAYAŞEHİR - MECİDİYEKÖY 79KM
9%
KAYABAŞI KİPTAŞ - TAKSİM 79T
9%
DAVUTPAŞA YTÜ - KAZLIÇEŞME 85C
9%
TOPKAPI / EDİRNEKAPI - TAKSİM 87
9%
SULTANGAZİ PERON - TOPKAPI 88
9%
K.S.S. HASTANESİ/ATAKENT-AKSARAY 89
9%
K.S.S. HASTANESİ - ZEYTİNBURNU 89A
9%
İETT İKİTELLİ GARAJI-TAKSİM 89C
9%
K.S.S. HASTANESİ - AKSARAY 89K
9%
MEHMET AKİF MAHALLESİ - ZEYTİNBURNU 89M
9%
ESENEVLER - KADIKÖY 8E
9%
YENİ MAHALLE METRO / ATEŞTUĞLA - AKSARAY 92B
9%
15 TEMMUZ MAHALLESİ - EMİNÖNÜ 97GE
9%
FENERTEPE/BAŞAKŞEHİR - BAKIRKÖY 98
9%
İSTOÇ - BAKIRKÖY 98M
9%
K.S.S. HASTANESİ - BAKIRKÖY 98S
9%
GAZİOSMANPAŞA - EMİNÖNÜ 99A
9%
ATAKENT - ÜMRANİYE METRO 9A
9%
ÇARŞI-NİZAM BA-5
9%
KAVAKLI - HARAMİDERE METROBÜS BM4
9%
SAHİL MAH./ KAVAKLI - HARAMİDERE BM5
9%
GÜRPINAR- A.KAHVECİ MAH. - CUMHURİYET MAH. METROBÜS BM8
9%
SABİHA GÖKÇEN HAVALİMANI / KURTKÖY - KADIKÖY E-10
9%
ESENKENT BAHÇEŞEHİR - BAKIRKÖY E-57
9%
EMİNÖNÜ - KULAKSIZ EM1/EM2
9%
BEYOĞLU-KARAKÖY TÜNEL F2
9%
HALKALI MARMARAY - İSTANBUL HAVALİMANI H-3
9%
YUNUS EMRE MAHALLESİ-İSTANBUL HAVALİMANI H-6
9%
KONAKLAR MAHALLESİ - 4.LEVENT METRO HM2
9%
LEVENT BASIN SİTESİ - ŞİŞLİ HM4
9%
KOCATEPE METRO-NUR SİTESİ HT5
9%
KAĞITHANE-SEYRANTEPE HAMİDİYE ETFAL HASTANESİ K1/K2
9%
KAĞITHANE-ŞİŞLİ K4
9%
TUZLA DENİZ HARP OKULU - KARTAL METRO KM12
9%
KARTAL / ATALAR - ESENKENT METRO KM30
9%
KARTAL METRO-TOPSELVİ/GÜLSUYU METRO KM34
9%
MARMARA ÜNİVERSİTESİ-KÜÇÜKYALI METRO-BAŞIBÜYÜK SAĞLIK KAMPÜSÜ KM41
9%
BAŞIBÜYÜK - SÜREYYAPAŞA HASTANESİ/ MALTEPE KM42
9%
ZÜMRÜTEVLER - MALTEPE METRO KM43
9%
GÜLENSU MAHALLESİ-HUZUREVİ METRO KM47
9%
VEYSEL KARANİ - KARTAL METRO / CEVİZLİ KM60
9%
ŞAHİNTEPE İGTOT - OLİMPİYATKÖY METRO MK13
9%
TAŞOLUK PERON - ŞEHİR HASTANESİ MK22
9%
15 TEMMUZ MAHALLESİ - KİRAZLI METRO MK42
9%
SULTANGAZİ PERON-KAZIM KARABEKİR METRO MK50
9%
K.S.S. HASTANESİ - ATAKENT - HALKALI MARMARAY MR40
9%
İ.Ü. CERRAHPAŞA KAMPÜSÜ/BAHÇEŞEHİR - HALKALI MARMARAY MR51
9%
SÖĞÜTLÜÇEŞME - HALKALI MARMARAY - ŞEHİR HASTANESİ MR52
9%
IGTOT-HALKALI MARMARAY MR54
9%
YENİKAPI - BEYAZIT PD1
9%
TAKSİM - TÜNEL T2
9%
KARADOLAP - ALİBEYKÖY TM12
9%
EYÜPSULTAN - GOP - ALİBEYKÖY TM13
9%
YENİMAHALLE - GOP - ALİBEYKÖY TM16
9%
ZÜBEYDE HANIM - ALİBEYKÖY TM19
9%
ÇIRÇIR METRO - ALİBEYKÖY TM7
9%
BEŞİKTAŞ-ULUS U2/U1
9%
ESENEVLER - BULGURLU METRO UM36
9%
ATATÜRK MAH./ TAŞDELEN - NECİP FAZIL METRO UM40
9%
ESATPAŞA - YEDİTEPE ÜNİVERSİTESİ / FERHATPAŞA 10A
0%
ESATPAŞA / ATAŞEHİR - KOZYATAĞI METRO 10EK
0%
ÜMRANİYE / ESATPAŞA - KADIKÖY 10G
0%
BURHANİYE MAHALLESİ - ÜMRANİYE METRO/RİNG 11CÜ
0%
ESENEVLER - ACIBADEM METROBÜS / ÜSKÜDAR 11ES
0%
YENİDOĞAN - NECİP FAZIL METRO 11G
0%
KAZIM KARABEKİR MAHALLESİ - ÜMRANİYE METRO 11K
0%
ESATPAŞA / BULGURLU - ÜSKÜDAR 11L
0%
EVTAŞ BLOKLARI - BULGURLU METRO 11M
0%
UĞUR MUMCU / SAMANDIRA - YENİDOĞAN PERONLAR 11SA
0%
DUMLUPINAR - ÜMRANIYE METRO 11ST
0%
ESATPAŞA / ÜNALAN - ÜSKÜDAR 11Ü
0%
ÇEKMEKÖY - MECİDİYEKÖY 122Y
0%
TUZLA / EVORA KONUTLARI - KARTAL METRO / CEVİZLİ 130E
0%
AYDINLI TOKİ KONUTLARI - TUZLA 130T
0%
SULTANBEYLİ MERKEZ-SULTANBEYLİ YENİ DEVLET HAST. 131SB
0%
VEYSEL KARANİ - YAKACIK / KARTAL 131V
0%
ÇEKMEKÖY/SAMANDIRA-KARTAL 131Y
0%
SULTANBEYLİ DEVLET HASTANESİ - YENİDOĞAN - ÜMRANİYE 131YS
0%
ÇAMLIK MAHALLESİ - KARTAL 132A
0%
SULTANBEYLİ GÖLET - KARTAL 132C
0%
EMİRLİ / KURNAKÖY - KARTAL 132E
0%
ESENLER - TAVŞANTEPE METRO/ KARTAL 132F
0%
GÖZDAĞI - PENDİK YHT/PENDİK 132G
0%
PENDİK/PENDİK YHT - SABİHA GÖKÇEN HAVALİMANI 132H
0%
YENİŞEHİR - KARTAL 132K
0%
ÖZYEĞİN ÜNİ./NİŞANTEPE/BÜYÜKBAKKALKÖY-KARTAL 132N
0%
VEYSEL KARANİ / SULTANBEYLİ - KARTAL 132P
0%
SULTANBEYLİ DEVLET HAST.- MARMARA ÜNİV. BAŞIBÜYÜK KAMPÜSÜ 132SB
0%
SULTANBEYLİ PERONLAR-PENDİK YHT/PENDİK 132SP
0%
HİLAL KONUTLARI / YAYALAR - KARTAL METRO 132Y
0%
YENİDOĞAN - MARMARA ÜNİVERSİTESİ BAŞIBÜYÜK KAMPÜSÜ 132YB
0%
YEŞİLTEPE-MARMARA EĞİTİM KÖYÜ 132YM
0%
YENİDOĞAN/SULTANBEYLİ DEVLET HAST.-SULTANBEYLİ PERONLAR 132YS
0%
SULTANBEYLİ UZUNDERE - KARTAL 132Z
0%
AYDINLI BAHÇELER - KARTAL 133A
0%
TEPEÖREN - KARTAL 133AK
0%
GÜLENSU MAHALLESİ - KARTAL 133G
0%
GÖÇBEYLİ - KARTAL 133GP
0%
KURTKÖY SANAYİ MAHALLESİ / KAVAKPINAR - KARTAL 133K
0%
TUZLA ORGANİZE SANAYİ - KAFKALE TUZLA SAHİL 133M
0%
MALTEPE ÜNİVERSİTESİ - MALTEPE METRO / KARTAL 133N
0%
AYDINLI TOKİ/MİMARSİNAN MAHALLESİ - TUZLA 133TM
0%
GAZİ BULVARI/ ORHANLI - PENDİK METRO/YHT/PENDİK 133Ü
0%
VIAPORT / HİLAL KONUTLARI - KARTAL 134
0%
ŞEYHLİ MEZARLIK/CEZAEVİ - KARTAL 134CK
0%
UĞURMUMCU/ GÜMÜŞPINAR - KARTAL 134GK
0%
UĞURMUMCU - KARTAL 134UK/KM31
0%
UĞURMUMCU - YAKACIK - KARTAL 134YK
0%
ACARKENT / GÖRELE MAHALLESİ - KAVACIK 135A
0%
KARLITEPE - ORTAÇEŞME 135K
0%
RİVA - KAVACIK 136R
0%
TOYGAR / SULTANİYE - KAVACIK 136T
0%
ALİ BAHADIR / ZERZEVAT - SULTANİYE 136Z
0%
KISIKLI - ATAŞEHİR / BOSTANCI 13AB
0%
BATI ATAŞEHİR / FİNANS MERKEZİ - MEVLANA METRO / FERHATPAŞA 13FY
0%
EVTAŞ BLOKLARI - ÜMRANİYE METRO / Ü.EĞT.ARŞ.HASTANESİ 13H
0%
YENİDOĞAN/ ÜMRANİYE - KADIKÖY 14
0%
ATAKENT - K.S.S. HASTANESİ 141A
0%
YEŞİLKENT - AVCILAR METROBÜS 142F
0%
KÜÇÜKÇEKMECE - İSTOÇ 143
0%
BOĞAZKÖY/BAHÇEKENT-HARAMİDERE 144
0%
ÖMERLİ KİPTAŞ-ESENKENT 144K
0%
ÜSKÜDAR DEVLET HASTANESİ - KADIKÖY 14C
0%
FERAH MAHALLESİ - ÜSKÜDAR DEVLET HASTANESİ 14FD
0%
KAZIM KARABEKİR - KADIKÖY 14K/14E/20K
0%
SULTANBEYLİ GÖLET - KOZYATAĞI METRO 14KS
0%
SULTANBEYLİ - KOZYATAĞI METRO 14S
0%
ATATÜRK MAH./ TAŞDELEN - KOZYATAĞI METRO 14T
0%
TEPEÜSTÜ-MALTEPE METRO/CEVİZLİ PERONLAR 14TM
0%
YAVUZTÜRK MAHALLESİ / ÜMRANİYE - EMEK MAHALLESİ 14YE
0%
BAHÇEKÖY - SARIYER 153
0%
ANADOLUKAVAĞI - KAVACIK 15A
0%
TOPAĞACI MAHALLESİ / GÜZELTEPE - ÜSKÜDAR 15B
0%
KAVACIK - ÇAVUŞBAŞI / ÇENGELDERE 15ÇB
0%
GÜZELTEPE - KADIKÖY 15ÇK
0%
ANADOLUFENERİ /KAYNARCA / DERESEKİ - SULTANİYE 15D
0%
KAVACIK YENİ CAMİ - ÜSKÜDAR 15M
0%
SULTANMURAT - ÜSKÜDAR 15S
0%
ORTAÇEŞME/SULTANİYE-DUDULLU İMES 15SD
0%
TOKATKÖY / BEYKOZ - YENİMAHALLE 15TY
0%
PENDİK - ÜSKÜDAR 16A
0%
KÜÇÜKYALI LOJMANLARI / MARMARA ÜNİV. - BOSTANCI 17L
0%
YENİDOĞAN / SAMANDIRA - KADIKÖY 18E
0%
YENİDOĞAN / SAMANDIRA - ÜSKÜDAR 18Y
0%
YENİDOĞAN-SULTANBEYLİ 18YS
0%
ÜMRANİYE - BOSTANCI 19D
0%
ESENŞEHİR - KADIKÖY 19ES/14ES
0%
FERHATPAŞA - SOYAK YENİŞEHİR 19FS
0%
ACARLAR SİTESİ / KAYIŞDAĞI - KADIKÖY 19K
0%
ACARLAR SİTESİ / ATAŞEHİR - KADIKÖY 19M
0%
YENİDOĞAN / SARIGAZİ - KADIKÖY 19S
0%
ORTAÇEŞME / KAVACIK - Ü.EĞT.ARŞ.HASTANESİ 20
0%
SARIGAZİ/YENİŞEHİR-KADIKÖY 20D
0%
HACIOSMAN METRO - HAVANTEPE 25
0%
RUMELİKAVAĞI - HACIOSMAN METRO 25A
0%
TARABYAÜSTÜ / FERAHEVLER - İSTİNYE 25C
0%
SARIYER - BALTALİMANI 25E
0%
HACIOSMAN METRO-SARIYER 25S2/25S1
0%
HACIOSMAN METRO - YENİ UYUM SİTESİ 25Y
0%
DERBENT MAHALLESİ - BEŞİKTAŞ 29A
0%
HACIOSMAN METRO - FERAHEVLER / İSTİNYE 29M1
0%
HACIOSMAN METRO - İSTİNYE / FERAHEVLER 29M2
0%
TARABYAÜSTÜ / DARÜŞŞAFAKA - İSTİNYE 29T
0%
TOKİ AYAZMA - YENİKAPI 31Y
0%
FERHATPAŞA - ÜMRANİYE METRO/ÇAMLICA CAMİİ 320
0%
BALABAN KÖYÜ - MESCİDİ SELAM 336A
0%
YENİKÖY / KARABURUN - MESCİDİ SELAM 336K
0%
CEBECİ KÖYÜ - HABİPLER 36CB
0%
SULTANGAZİ PERON - AKSARAY 36ES
0%
CEBECİ - FENERTEPE/OLİMPİYATKÖY METRO 36F
0%
FATİH MAHALLESİ- HARAÇÇI - CEBECİ 36HT
0%
HABİPLER - YENİMAHALLE METRO 36S
0%
SULTANGAZİ PERON-VEZNECİLER 38B
0%
G.O.P. DEVLET HASTANESİ - EMİNÖNÜ 38E
0%
KADIKÖY - ÜNALAN MAHALLESİ 3B/3A
0%
BEYKENT - HARAMİDERE 400A
0%
ÇATALCA - AVCILAR METROBÜS 401
0%
BİNKILIÇ - ÇATALCA 402
0%
SARIYER - BEŞİKTAŞ 40B
0%
SİNPAŞ SİTESİ - 4.LEVENT METRO 41
0%
SARIYER - FATİH SULTAN MEHMET 41SF
0%
SARIYER - KOCATAŞ 42KT
0%
HACIOSMAN METRO - KAZIM KARABEKİR 42Z
0%
KAĞITHANE - EMİNÖNÜ 46Ç
0%
GÖKTÜRK - MECİDİYEKÖY 48
0%
HAMİDİYE MAHALLESİ - ŞİŞLİ 48H
0%
KEMERBURGAZ - AĞAÇLI KÖYÜ 48K
0%
GÖKTÜRK - 4.LEVENT METRO 48L
0%
EMNİYETTEPE - TAKSİM 48N
0%
HAMİDİYE MAHALLESİ - TAKSİM 48T
0%
CEBECİ - GAZİ - ALİBEYKÖY 50AT
0%
OKMEYDANI - EMİNÖNÜ 54E
0%
KAĞITHANE GARAJI - YENİBOSNA METRO 55Y
0%
FATİH SULTAN MEHMET - KABATAŞ 58N
0%
HACIOSMAN METRO - SARITEPE KAMPÜSÜ 59HS
0%
ESATPAŞA / KÜÇÜKÇAMLICA - HAREM 6
0%
TOPAĞACI MAHALLESİ / ÜMRANİYE - RASATHANE 7
0%
FERİKÖY - EMİNÖNÜ 70FE
0%
CERRAHPAŞA TIP FAK. MURAT DİLMENER ACİL DURUM HASTANESİ-YENİKAPI 72YT
0%
KUYUMCUKENT - YEŞİLKÖY / AKVARYUM 73Y
0%
HİLTON SİTESİ - EMİNÖNÜ 74
0%
KİPTAŞ VADİTEPE - YENİKAPI 76A
0%
GÜRPINAR-BEYKENT METROBÜS 76GM
0%
TEPEKENT - HARAMİDERE 76TM
0%
KİPTAŞ VADİTEPE - BAKIRKÖY 76V
0%
YENİKAPI-ŞİŞLİ 77
0%
VEZNECİLER-ŞİŞLİ 77A
0%
YUNUS EMRE MAHALLESİ - FENERTEPE 78C
0%
FENERTEPE PERON/BAŞAKŞEHİR - KAYABAŞI KİPTAŞ 78E
0%
FENERTEPE PERON/BAŞAKŞEHİR - KAYAŞEHİR 78G
0%
FENERTEPE PERON/BAŞAKŞEHİR - ŞAHİNTEPE İGTOT 78Ş
0%
KAYABAŞI KİPTAŞ / KAYAŞEHİR - YENİBOSNA METRO 79Y
0%
SULTANGAZİ PERON-YENİKAPI 88A
0%
KÜÇÜKÇEKMECE-İSTOÇ 89F
0%
K.S.S. HASTANESİ/ATAKENT - BAKIRKÖY 89YB
0%
TEPEÜSTÜ - ATAŞEHİR / KOZYATAĞI METRO 8K
0%
SOYAK YENİŞEHİR - YENİSAHRA METRO 8Y
0%
FENERTEPE - SEFAKÖY METROBÜS 98KM
0%
MEHMET AKİF MAHALLESİ - BAKIRKÖY 98MB
0%
ÇEKMEKÖY - NİŞANTEPE / ÖZYEĞİN ÜNİVERSİTESİ 9ÇN
0%
CUMHURİYETKÖY / HÜSEYİNLİ - ÇEKMEKÖY 9H
0%
ATATÜRK MAH./ TAŞDELEN - KADIKÖY 9K
0%
KASABA EVLERİ/ ÖMERLİ - NECİP FAZIL METRO 9KS
0%
YEŞILTEPE/ÇEKMEKÖY METRO-ATATÜRK MAH. 9S
0%
ŞAHİNBEY - ALTUNİZADE METROBÜS 9T
0%
ÇARŞI-TEPEKÖY-KADIYORAN BA-1
0%
ÇARŞI-LUNAPARK BA-2
0%
ÇINAR-KUMSAL-MADEN BA-4
0%
BEYLİKDÜZÜ - HARAMİDERE BM6
0%
ÇARŞI-KALPAZANKAYA BU-1
0%
ÇEKMEKÖY-NECİP FAZIL METRO ÇM41
0%
ŞAHİNBEY - ÇEKMEKÖY METRO/ EMEK MAH. ÇM42
0%
ATATÜRK MAHALLESİ-NECİP FAZIL METRO ÇM43
0%
ÖZYEĞİN ÜNİ./NİŞANTEPE-ÇEKMEKÖY METRO/PROF. DR. FERİHA ÖZ HAST. ÇM44
0%
DUDULLU ORGANİZE SANAYİ BÖLGESİ - DUDULLU METRO DS1/DS2
0%
ESENYURT BELEDİYESİ - BEYLİKDÜZÜ DEVLET HASTANESİ/BEYKENT ES1
0%
TÜYAP / KIRAÇ - AKÇABURGAZ ES2
0%
ESENYURT DEVLET HASTANESİ - HARAMİDERE ES3
0%
ESENYURT KİPTAŞ 4. ETAP-HARAMİDERE ES4
0%
ÇARŞI-AKÇAKOCA-İTFAİYE HA-1
0%
ÇARŞI-ÇAM LİMANI HA-2
0%
ÇARŞI-DEĞİRMENBURNU-KÜÇÜKTUR HA-3
0%
HACIOSMAN METRO - KOCATAŞ HM1
0%
HÜRRİYET MAHALLESİ - ŞİŞLİ HM3
0%
SEFAKÖY METROBÜS-ŞEHİR HASTANESİ HS3
0%
GÜNEŞLİ BASIN TESİSLERİ - YENİBOSNA METRO HT12
0%
HADIMKÖY/İ.Ü. CERRAHPAŞA KAMPÜSÜ - TÜYAP HT18
0%
İ.Ü.CERRAHPAŞA KAMPÜSÜ - TÜYAP METROBÜS HT19
0%
AREL ÜNİVERSİTESİ -TEPEKENT - AVCILAR METROBÜS HT48
0%
BATIŞEHİR-KOCATEPE METRO HT6
0%
ÇARŞI-NARÇİÇEĞİ KA-1
0%
TEKİNAY-PLAJLAR-BÜYÜK TUR KA-2
0%
K.S.S.HASTANESİ - YENİBOSNA METRO KÇ2
0%
AYDINLI TOKİ / İÇMELER - PENDİK METRO/YHT - KARTAL KM10
0%
AYDINLI TOKİ / A.YESEVİ - PENDİK KÖPRÜSÜ KM11
0%
TUZLA - PENDİK METRO/ YHT / PENDİK KM13
0%
AHMET YESEVİ - TAVŞANTEPE METRO/ YENİŞEHİR KM14
0%
YENİŞEHİR-PENDİK METRO KM15
0%
TUZLA EMLAK KONUTLARI-TAVŞANTEPE METRO KM17
0%
SABANCI ÜNİ./MEDENİYET ÜNİ. - KURTKÖY METRO KM18
0%
KAVAKPINAR-TAVŞANTEPE METRO KM2
0%
HİLAL KONUTLARI - KARTAL METRO / CEVİZLİ KM21
0%
KAVAKPINAR / MARMARA HST. - KARTAL METRO / CEVİZLİ KM23
0%
KAVAKPINAR - PENDİK METRO/YHT/PENDİK KM24
0%
YENİŞEHİR - KARTAL METRO / CEVİZLİ KM25
0%
ÇAMLIK MAHALLESİ - PENDİK METRO/ YHT / PENDİK KM26
0%
YENİŞEHİR - PENDİK METRO/ YHT / PENDİK KM27
0%
OKAN ÜNİVERSİTESİ - KURTKÖY METRO KM28
0%
YENİŞEHİR/MARMARA Ü. HAST. - KARTAL METRO/CEVİZLİ KM29
0%
UĞURMUMCU-YAKACIK METRO/ PENDİK KM3
0%
KURFALI - KARTAL METRO / KARTAL KM32
0%
PENDİK SAHİL/ YHT - ESENKENT METRO KM33
0%
UĞURMUMCU-CEVİZLİ KM35
0%
KURFALI MAHALLESİ-CEVİZLİ KM36
0%
HİLAL KONUTLARI-PENDİK METRO/YHT/PENDİK KM37
0%
MALTEPE ÜNİVERSİTESİ - SİTELER - MALTEPE KM44
0%
MARMARA ÜNİVERSİTESİ / KÜÇÜKYALI METRO - MİMAR SİNAN ÖĞRENCİ YURDU KM45
0%
ESENKENT-HUZUREVİ METRO KM48
0%
PAŞAKÖY / SAMANDIRA - KARTAL KM61
0%
SULTANBEYLİ/PETROL YOLU CADDESI - KARTAL METRO / CEVİZLİ KM70
0%
YENİDOĞAN PERONLAR/ ADİL MAH. - CEVİZLİ KM71
0%
PENDİK/PENDİK METRO/ YHT - SULTANBEYLİ DEVLET HAST. KM72
0%
KİPTAŞ VADİTEPE - OLİMPİYATKÖY METRO MK14
0%
OLİMPİYATKÖY METRO - K.ÇEKMECE METROBÜS MK16
0%
AYAZMA SİTELERİ-ARENAPARK MK19
0%
K.S.S HASTANESİ-BAŞAKŞEHİR/FENERTEPE PERON MK31
0%
SULTANGAZİ PERON - KAZIM KARABEKİR METRO MK49
0%
HALKALI MARMARAY / İNÖNÜ MAH. - SEFAKÖY METROBÜS MR42
0%
PENDİK/PENDİK YHT-SABİHA GÖKÇEN HAVALİMANI MR60
0%
GÜZELYALI-TUZLA DEVLET HASTANESİ MR61
0%
ATATÜRK MAH. / ÇAMLIK - AYRILIKÇEŞME MR9
0%
SULTANBEYLI - SAMANDIRA MERKEZ METRO SM1
0%
MALTEPE MYO - SAMANDIRA MERKEZ METRO SM12
0%
YENIDOĞAN/UFUK CADDESI - SANCAKTEPE METRO SM13
0%
AYAZMA YAŞAM VADISI-SANCAKTEPE METRO SM14
0%
AHMET YESEVI MAHALLESI - SANCAKTEPE METRO SM2
0%
MIMAR SINAN MAHALLESI - PROF.DR.FERIHA ÖZ HAST. SM3
0%
KURTKÖY METRO / HILAL KONUTLARI - SAMANDIRA MERKEZ METRO SM4
0%
SULTANBEYLI ORMAN CADDESI - SAMANDIRA MERKEZ METRO SM5
0%
SULTANBEYLİ DEVLET HASTANESİ - SAMANDIRA MERKEZ METRO SM6
0%
YENIDOĞAN - SAMANDIRA MERKEZ METRO SM7
0%
KARTAL METRO - SAMANDIRA MERKEZ METRO SM9
0%
CEBECİ PERONLAR - ALİBEYKÖY TM15
0%
KİRAZLITEPE-KISIKLI METRO-ESATPAŞA UM11
0%
KÜÇÜKSU / YAVUZTÜRK MAHALLESİ - ÜMRANİYE EĞT.ARŞ.HST. UM13
0%
SANCAKTEPE - NECİP FAZIL METRO UM60
0%
YENİDOĞAN/TAŞDELEN-NECİP FAZIL METRO UM62
0%
SABİHA GÖKÇEN H.L./ SULTANBEYLİ - SAMANDIRA MERKEZ METRO UM73
0%
SULTANBEYLİ DEVLET HAST./ NECİP FAZIL METRO - DUDULLU OSB UM74
0%
No matching quizzes found
Score Distribution
Percent of People with Each Score
Percentile by Number Answered
Your Score History
You have not taken this quiz since the last reset